| 000 | 00413nam a22001577a 4500 | ||
|---|---|---|---|
| 003 | NUST - PNEC | ||
| 005 | 20170116181057.0 | ||
| 008 | 151001b xxu||||| |||| 00| 0 eng d | ||
| 040 | _cLIBRARY | ||
| 082 | _a621.81 ANV | ||
| 100 |
_912137 _aAnvoner, S. |
||
| 245 |
_aSolution of problems in theory of machines _cS. Anvoner |
||
| 260 | _c1959 | ||
| 650 |
_910802 _aMachinery, Kinematics of _xME |
||
| 942 |
_2ddc _cBK |
||
| 999 |
_c68607 _d68607 |
||